Eesti NSV seltaimehelike kohtute põhimäärus

Titel: Eesti NSV seltaimehelike kohtute põhimäärus : Kommenteeritud väljaane / [Kaane kujundanud A. Jõers]
Beteiligt:
Veröffentlicht: Tallinn : "Eesti Raamat", 1968
Umfang: 117 S.
Format: Buch
Sprache: Estnisch
Kein Bild verfügbar
X
Lokale Klassifikation: 47 12 M
alg: 22562935
001A    $03004:28-07-10 
001B    $01999:25-04-21 $t10:50:02.000 
001C    $03004:28-07-10 $t17:07:27.000 
001D    $03004:28-07-10 
001U    $0utf8 
001X    $00 
002@    $0Aar 
003@    $0225629356 
007A    $0514767278 $aGBV 
007T    $0Herdhh225629356 
010@    $aest 
011@    $a1968 
021A    $aEesti NSV seltaimehelike kohtute põhimäärus $dKommenteeritud väljaane $h[Kaane kujundanud A. Jõers] 
027A/01 $aStatut der Genossengerichte 
028C    $7 $8Jõers, Arvi [Tnx] $9171278720 
033A    $pTallinn $n"Eesti Raamat" 
034D    $a117 S. 
037B    $aÜbers. des HST: Statut der Genossengerichte 
045F    $a340.09 $eDDC23BSB 
045F/01 $a340.09 
045F/03 $g4798 
046C    $aStatut der Genossengerichte $bÜbers. des Hauptsacht. 

lok: 22562935 24
101B    $028-07-10 $t17:07:27.000 
101C    $028-07-10 
101U    $0utf8 
145Z/01 $a47 12 M 

exp: 22562935 24 1 #EPN
201B/01 $028-07-10 $t17:07:27.000 
201C/01 $028-07-10 
201U/01 $0utf8 
203@/01 $0596711611 
208@/01 $a28-07-10 $br 
209A/01 $a47 XII M 1 $du $f050 $h47 12 M 1 $x00 
209C/01 $a2442 K 68 $h68 2442 K 
209G/01 $a72608267 $x00 
220C/01 $aurb 
247C/01 $8358050-7 Marburg, Bibliothek des Herder-Instituts Marburg $9102600961 

lok: 22562935 78

exp: 22562935 78 1 #EPN
201B/01 $019-04-17 $t21:52:03.000 
201U/01 $0utf8 
203@/01 $0794533051 
208@/01 $a12-11-16 $be 
209A/01 $a/ $f000 $x00 
220C/01 $aAnmerkung: *ng 
237A/01 $aweiterführende Signatur(en): Herder-Institut: 47 XII M 1 
244Z/01 $2Trx $#Estija $#Igaunija $#Estland $#Estonia $#Estonia $#Estónsko $#Estonsko $8--Trx--Eesti $x01 $9391237225 
244Z/01 $2Trx $#dzieło zbiorowe $8--Trx--Sammelwerk $x02 $9391384597 
245Z/01 $a07.02 $x01 
247C/01 $82080>Marburg/Lahn, Herder-Institut, Forschungsbibliothek, Bibliographieportal $9336309341
LEADER 00000cam a22000002c 4500
001 225629356
003 DE-603
005 20210425105002.0
007 tu
008 100728s1968 xx |||| | u00||u|est c
035 |a (DE-599)GBV514767278 
040 |a DE-603  |b ger  |c DE-603  |d DE-603 
041 |a est 
082 0 4 |8 1\u  |a 340.09  |q DE-101  |2 23/BSB 
085 |8 1\u  |b 340.09 
085 |8 1\u  |z 2  |s 4798 
245 0 0 |a Eesti NSV seltaimehelike kohtute põhimäärus  |b Kommenteeritud väljaane  |c [Kaane kujundanud A. Jõers] 
246 1 |i Übers. des Hauptsacht.  |a Statut der Genossengerichte 
246 1 3 |a Statut der Genossengerichte 
264 1 |a Tallinn  |b "Eesti Raamat"  |c 1968 
300 |a 117 S. 
500 |a Übers. des HST: Statut der Genossengerichte 
700 1 |a Jõers, Arvi  |0 (DE-603)171278720 
924 0 |9 Mb 50  |a (DE-603)596711611  |b DE-Mb50  |c HES  |d c  |g 47 XII M 1 
924 0 |9 2080  |a (DE-603)794533051  |b DE-2080  |c HES  |d d  |g /